Návrh trasy cestnej komunikácie - obchvat mesta Vranov nad Topľou

Guardado en:
Detalles Bibliográficos
Autor principal: Kozák, Ondrej (Autor)
Otros Autores: Bačová, Katarína (Orientador)
Formato: Manuscrito Libro
Lenguaje:eslovaco
Publicado: 2017
Materias:
Acceso en línea:http://is.stuba.sk/zp/portal_zp.pl?podrobnosti=125030
https://opac.crzp.sk/?fn=detailBiblioForm&sid=E7FF18FD4FFD5019D5FBEC3CC38C
Etiquetas: Agregar Etiqueta
Sin Etiquetas, Sea el primero en etiquetar este registro!

MARC

LEADER 00000ntm a22000003a 4500
001 stuzp62195
003 SK-STU
005 20230815103619.6
007 ta
008 150427s2015----xo-----f-mn---000-0-slo-d
040 |a STU  |b slo 
041 0 |a slo 
100 1 |a Kozák, Ondrej  |u 010120  |4 aut  |U SvF Stavebná fakulta  |T SvF Katedra dopravných stavieb  |X 55524  |U V120  |Y 12  |7 55524 
242 0 1 |a The road design - ring road of Vranov nad Topľou  |y eng 
245 1 0 |a Návrh trasy cestnej komunikácie - obchvat mesta Vranov nad Topľou 
260 |c 2017 
650 4 |a štúdia  |2 slo 
650 4 |a obchvat  |2 slo 
650 4 |a cesta I/18  |2 slo 
650 4 |a intenzita dopravy  |2 slo 
650 4 |a route I/18  |2 eng 
650 4 |a traffic intensity  |2 eng 
650 4 |a study  |2 eng 
650 4 |a ring road  |2 eng 
700 1 |a Bačová, Katarína  |u 010120  |k Z1  |4 ths  |U SvF Stavebná fakulta  |T SvF Katedra dopravných stavieb  |X 1010  |U V120  |Y 12  |7 A000001010 
856 4 |u http://is.stuba.sk/zp/portal_zp.pl?podrobnosti=125030 
856 4 |u https://opac.crzp.sk/?fn=detailBiblioForm&sid=E7FF18FD4FFD5019D5FBEC3CC38C